Conocimiento y ciencias sociales /

Spremljeno u:
Bibliografski detalji
Glavni autor: Tierno Galván, Enrique (autor)
Format: Knjiga
Jezik:španjolski
Izdano: Madrid, España : Tecnos, 1966, c1966
Serija:(Ciencias Sociales Tecnos)
(Sociología. Semilla y Surco)
Teme:
Oznake: Dodaj oznaku
Bez oznaka, Budi prvi tko označuje ovaj zapis!

MARC

LEADER 00000nam^a2200000^a^4500
001 000189045
005 20250521000000.0
009 20260310102400.958
037 |a Acervo ITESO - Biblioteca 
041 |a ESP 
082 |a 300. 1  |b TIE 
100 |a Tierno Galván, Enrique  |e (autor) 
240 1 1 |a [Introducción a la sociología] 
245 1 0 |a Conocimiento y ciencias sociales /  |c E. Tierno Galván. 
264 4 |a Madrid, España :  |b Tecnos,  |c 1966, c1966 
300 |a 235 p. 
336 |a texto  |b txt  |2 rdacontenido 
337 |a sin mediación  |b n  |2 rdamedio 
338 |a volumen  |b nc  |2 rdasoporte 
440 1 |a (Ciencias Sociales Tecnos) 
440 1 |a (Sociología.  |p Semilla y Surco) 
649 |a XX 
650 |a Epistemología 
650 |a Cambios Sociales y Culturales 
650 |a Roles 
650 |a Estatus Social 
650 |a Elites 
650 |a Grupos Sociales 
650 |a Control Social 
650 |a Interacción Social 
650 |a Cultura 
650 |a Sociobiología 
650 |a Sociología -  |x Teoría -  |x Tema Principal 
650 |a Ciencias Sociales -  |x Filosofía 
650 |a Ciencias Sociales -  |x Teoría 
910 |a Fondo General 
920 |a Impresos - Libros 
930 |a Colección General 
905 |a 101 
901 |a 0500131658  |b IT1  |c ACC  |u 20250521 
902 |a https://opac.biblio.iteso.mx/vufind/Record/000189045